[Event "Dortmund Sparkassen op-B"]
[Site "Dortmund"]
[Date "2010.07.25"]
[Round "9"]
[White "Taube, Benedikt"]
[Black "Lee, Matthias"]
[Result "1/2-1/2"]
[WhiteElo "1252"]
[BlackElo "1861"]
[PlyCount "29"]
[EventDate "2010.07.17"]
[EventType "swiss"]
[EventRounds "9"]
[EventCountry "GER"]
[SourceTitle "EXT 2014"]
[Source "ChessBase"]
[SourceDate "2013.11.20"]
[SourceVersion "1"]
[SourceVersionDate "2013.11.20"]
[SourceQuality "1"]

1. e4 e5 2. Nc3 Nf6 3. Bc4 Nc6 4. d3 Bb4 5. Bd2 0-0 6. a3 Ba5 7. b4 Bb6 8. Bg5 Bd4 9. Nge2 Bxf2+ 10. Kd2 h6 11. Qf1 Be3+ 12. Bxe3 Ng4 13. Qf3 d6 14. h3 Nf6 15. Raf1 1/2-1/2

[Event "Dortmund Sparkassen op-B"]
[Site "Dortmund"]
[Date "2010.07.17"]
[Round "1"]
[White "Hlopotov, Nikita"]
[Black "Lee, Matthias"]
[Result "0-1"]
[WhiteElo "1336"]
[BlackElo "1861"]
[PlyCount "88"]
[EventDate "2010.07.17"]
[EventType "swiss"]
[EventRounds "9"]
[EventCountry "GER"]
[SourceTitle "EXT 2014"]
[Source "ChessBase"]
[SourceDate "2013.11.20"]
[SourceVersion "1"]
[SourceVersionDate "2013.11.20"]
[SourceQuality "1"]

1. e4 e5 2. Nf3 Nf6 3. Nc3 Bb4 4. d3 d6 5. Be2 0-0 6. 0-0 Be6 7. a3 Ba5 8. b4 Bb6 9. Bb2 Nc6 10. Ng5 Bd7 11. Na4 Ne8 12. Nxb6 axb6 13. Bg4 f5 14. Nxh7 Kxh7 15. Bxf5+ Bxf5 16. Qh5+ Kg8 17. exf5 Rf6 18. Bc1 Qd7 19. g4 Nd4 20. Bg5 Nf3+ 21. Kh1 Nxg5 22. Qxg5 Qc6+ 23. Kg1 Qxc2 24. f4 Qxd3 25. fxe5 Qd4+ 26. Kh1 Qxe5 27. Qf4 Qxf4 28. Rxf4 g6 29. h4 gxf5 30. gxf5 Ng7 31. h5 Rxf5 32. Rxf5 Nxf5 33. Rg1+ Kf7 34. Rc1 c6 35. Rc3 Rh8 36. Rh3 Kf6 37. Rh2 Rxh5 38. Rxh5 Ng3+ 39. Kg2 Nxh5 40. Kf3 Ke5 41. Ke3 Nf6 42. Kd3 b5 43. Kc3 Nd5+ 44. Kb3 Ke4 0-1